000 00681nam a2200265 a 4500
003 AR-BaBNM
005 20251128202753.0
008 082120s2002 ||||||||||||||000 | spa||
040 _cAR-BaBNM
100 1 _aPayró, Roberto J.
245 0 0 _aDivertidas aventuras del nieto de Juan Moreira
250 _a4ª ed.
260 _aBuenos Aires
_bLosada
_c1957
300 _a252 p.
490 0 _aBiblioteca contemporánea
650 4 _aLITERATURA ARGENTINA
650 4 _aLITERATURA FOLKLORICA
650 4 _aCOSTUMBRES Y TRADICIONES
650 4 _aNOVELAS
653 _aNARRATIVA
653 _aLITERATURA GAUCHESCA
655 _aLITERATURA
942 _cBK
998 _cMARTIN
999 _c484
_d484